<?xml version="1.0" encoding="UTF-8"?>
<record
    xmlns:xsi="http://www.w3.org/2001/XMLSchema-instance"
    xsi:schemaLocation="http://www.loc.gov/MARC21/slim http://www.loc.gov/standards/marcxml/schema/MARC21slim.xsd"
    xmlns="http://www.loc.gov/MARC21/slim">

  <leader>01761    a2200229   4500</leader>
  <controlfield tag="001">41208</controlfield>
  <controlfield tag="005">20260407155706.0</controlfield>
  <controlfield tag="008">260407a1997    arg                 spa d</controlfield>
  <controlfield tag="003">AR-UNSa-BCEJYS</controlfield>
  <datafield tag="040" ind1=" " ind2=" ">
    <subfield code="a">AR-UNSa-BCEJYS</subfield>
    <subfield code="b">spa</subfield>
    <subfield code="c">AR-UNSa-BCEJYS</subfield>
  </datafield>
  <datafield tag="080" ind1=" " ind2=" ">
    <subfield code="a">347.73</subfield>
    <subfield code="x">Organizaciones comerciales. Derecho financiero (t&#xED;tulos de cr&#xE9;dito)</subfield>
  </datafield>
  <datafield tag="245" ind1="1" ind2="0">
    <subfield code="a">Factura de cr&#xE9;dito. Simplificaci&#xF3;n del cheque diferido</subfield>
    <subfield code="p">otros efectos de la ley 24.760 sobre: cheques, concursos, c&#xF3;digo penal e infracci&#xF3;n fiscal</subfield>
  </datafield>
  <datafield tag="020" ind1=" " ind2=" ">
    <subfield code="a">950-894-089-1</subfield>
  </datafield>
  <datafield tag="264" ind1=" " ind2="1">
    <subfield code="a">Buenos Aires :</subfield>
    <subfield code="b">AD-HOC</subfield>
    <subfield code="c">1997</subfield>
  </datafield>
  <datafield tag="300" ind1=" " ind2=" ">
    <subfield code="a">140 p.</subfield>
    <subfield code="c">23 cm.</subfield>
  </datafield>
  <datafield tag="505" ind1=" " ind2=" ">
    <subfield code="a">1. Contenido, estructura, efectos y objetivos de la ley 24.760 - 2. Normas reglamentarias y complementarias sobre factura de cr&#xE9;dito y documentos equivalentes - 3. Factura de cr&#xE9;dito: alcance de la obligatoriedad del sistema. Campo de acci&#xF3;n remamente de la factura com&#xFA;n - 4. Campo de acci&#xF3;n remanente del cheque com&#xFA;n, la letra de cambio y el pagar&#xE9;. El caso de la prenda con registro - 5. Requisitos de la factura de cr&#xE9;dito. El recibo de factura o recibo factura. Incumplimiento de los requisitos - 6. Circulaci&#xF3;n de la factura de cr&#xE9;dito - 7. Recursos por falta de aceptaci&#xF3;n y/o pago de la factura de cr&#xE9;dito - 8. Factura de cr&#xE9;dito: intervenci&#xF3;n. Normas supletorias. Prescripci&#xF3;n - 9. Modificaciones a la Ley de Cheques - 10. A modo de balance sobre las reformas: espacio del cheque de pago diferido dentro y fuera del r&#xE9;gimen de las facturas de cr&#xE9;dito - 11. Ap&#xE9;ndice normativo</subfield>
  </datafield>
  <datafield tag="041" ind1=" " ind2=" ">
    <subfield code="a">spa</subfield>
  </datafield>
  <datafield tag="942" ind1=" " ind2=" ">
    <subfield code="c">BK</subfield>
  </datafield>
  <datafield tag="590" ind1=" " ind2=" ">
    <subfield code="a">niveau_biblio:m niveau_hierar:0</subfield>
  </datafield>
  <datafield tag="100" ind1="1" ind2=" ">
    <subfield code="a">Highton, Federico R.</subfield>
  </datafield>
  <datafield tag="856" ind1="4" ind2="1">
    <subfield code="u">https://biblioeco.unsa.edu.ar/pmb/images/libros/factura_de_credito.jpg</subfield>
    <subfield code="y">Imagen de portada</subfield>
    <subfield code="q">image/jpeg</subfield>
  </datafield>
  <datafield tag="999" ind1=" " ind2=" ">
    <subfield code="c">3421</subfield>
    <subfield code="d">3421</subfield>
  </datafield>
  <datafield tag="952" ind1=" " ind2=" ">
    <subfield code="0">0</subfield>
    <subfield code="1">0</subfield>
    <subfield code="4">0</subfield>
    <subfield code="7">0</subfield>
    <subfield code="a">BCEJYS</subfield>
    <subfield code="b">BCEJYS</subfield>
    <subfield code="c">16</subfield>
    <subfield code="d">2026-04-07</subfield>
    <subfield code="l">0</subfield>
    <subfield code="o">347.73 H638</subfield>
    <subfield code="p">L126447</subfield>
    <subfield code="r">2026-04-07 15:57:06</subfield>
    <subfield code="w">2026-04-07</subfield>
    <subfield code="y">L</subfield>
  </datafield>
</record>
